000 00786nam a22001937a 4500
999 _c80790
_d80790
008 201130b ||||| |||| 00| 0 eng d
040 _bger
_cDE-2950
_erda
_aDE-2950
041 _ager
100 _aMahlke, Lisa:
245 _a"Wie sollen sie das alles aufholen?"
_bCorona und Schule: Keine Videokonferenzen, die Schüler sind auf sich allein gestellt - eine Mutter aus Frankfurt berichtet, was beim Homeschooling alles nicht funktioniert /
_cLisa Mahlke
653 _aFrankfurt (Oder)
653 _aPandemie / Corona
653 _aSchule
773 _dFrankfurt (Oder): Märkisches Verlags- und Druckhaus GmbH & Co KG
_g32. Jahrgang (2021) Nr. 52 vom 03.03.2021, S. 15
_tMärkische Oderzeitung
942 _cA